[Event "Titled Tuesday intern op 28th Dec"]
[Site "Chess.com INT"]
[Date "2021.12.28"]
[Round "1"]
[White "Poormosavi, Seyed Kian"]
[Black "Shymanskyi, Oleksandr"]
[Result "0-1"]
[WhiteElo "2301"]
[BlackElo "2296"]
[PlyCount "170"]
[EventDate "2021.12.28"]
[EventType "swiss (blitz)"]
[EventRounds "11"]
[EventCountry "USA"]
[SourceTitle "CBM 206 Extra"]
[Source "ChessBase"]
[SourceDate "2022.03.31"]
[SourceVersion "1"]
[SourceVersionDate "2022.03.31"]
[SourceQuality "1"]

1. Nf3 Nf6 2. g3 b6 3. Bg2 Bb7 4. O-O e6 5. c4 c5 6. Nc3 Be7 7. d4 cxd4 8. Nxd4 Bxg2 9. Kxg2 O-O 10. e4 Qc7 11. Be3 Qxc4 12. Rc1 Qa6 13. f3 Qb7 14. a3 Rc8 15. Ndb5 Rc6 16. Qd2 a6 17. Nd4 Rc8 18. e5 Ne8 19. Rfd1 d5 20. Bg5 Bc5 21. f4 Bxd4 22. Qxd4 Nc6 23. Qf2 d4 24. Ne4 Nxe5 25. Qe2 Rxc1 26. Rxc1 Ng4 27. Qf3 Qd5 28. h3 Ne3+ 29. Kh2 f5 30. Nd2 Nf6 31. Bxf6 gxf6 32. Qxd5 Nxd5 33. Nf3 Kf7 34. Nxd4 Ra7 35. Rc8 Rc7 36. Rh8 Rc4 37. Nf3 Kg7 38. Re8 Rc2+ 39. Kh1 Kf7 40. Rh8 Rxb2 41. Rxh7+ Kg6 42. Ra7 Rb3 43. Nd4 Kh6 44. Nxe6 Rxg3 45. Kh2 Rxa3 46. Nd4 Nxf4 47. Nxf5+ Kg5 48. Nh4 Rxh3+ 49. Kg1 Rxh4 50. Rxa6 Rg4+ 51. Kf2 Nd5 52. Ra8 Rb4 53. Rg8+ Kf4 54. Rd8 Rb2+ 55. Ke1 Ne3 56. Rd6 Ng4 57. Kf1 f5 58. Rd4+ Kg3 59. Rd3+ Kh2 60. Rf3 Rf2+ 61. Rxf2+ Nxf2 62. Kxf2 b5 63. Kf3 b4 64. Kf4 b3 65. Kxf5 b2 66. Ke6 b1=Q 67. Ke5 Qb6 68. Kd5 Qf6 69. Ke4 Qg5 70. Kd4 Qf5 71. Ke3 Qg4 72. Kf2 Qh3 73. Ke2 Qg3 74. Kd2 Qf3 75. Kc2 Qe3 76. Kb2 Qd3 77. Ka2 Qc3 78. Kb1 Qd2 79. Ka1 Kg3 80. Kb1 Kf3 81. Ka1 Ke3 82. Kb1 Kd3 83. Ka1 Kc3 84. Kb1 Kb3 85. Ka1 Qe1# 0-1

[Event "Titled Tuesday intern op 28th Dec"]
[Site "Chess.com INT"]
[Date "2021.12.28"]
[Round "1"]
[White "Postnikov, Daniil"]
[Black "Jodorcovsky Werjivker, Paulo"]
[Result "1-0"]
[WhiteElo "2360"]
[BlackElo "2213"]
[PlyCount "167"]
[EventDate "2021.12.28"]
[EventType "swiss (blitz)"]
[EventRounds "11"]
[EventCountry "USA"]
[SourceTitle "CBM 206 Extra"]
[Source "ChessBase"]
[SourceDate "2022.03.31"]
[SourceVersion "1"]
[SourceVersionDate "2022.03.31"]
[SourceQuality "1"]

1. e4 e5 2. Nf3 Nc6 3. Nc3 Nf6 4. Bb5 Bc5 5. O-O d6 6. d4 exd4 7. Nxd4 Bxd4 8. Qxd4 Bd7 9. Bxc6 Bxc6 10. e5 dxe5 11. Qxe5+ Qe7 12. Qxe7+ Kxe7 13. Bf4 Rhd8 14. Rfe1+ Kf8 15. Bxc7 Rd2 16. Re2 Rxe2 17. Nxe2 Rc8 18. Bd6+ Kg8 19. c3 Ne4 20. Bf4 Rd8 21. Nd4 Bd5 22. a3 Re8 23. Re1 a6 24. Nf5 Kh8 25. Rd1 Bb3 26. Re1 Rd8 27. Be5 f6 28. Bd4 Be6 29. Nxg7 Kxg7 30. Rxe4 Kf7 31. h4 f5 32. Re5 Rd7 33. f3 Rc7 34. Kf2 h5 35. Ke3 Rc6 36. Kf4 Kg6 37. Re3 b6 38. Ke5 Kf7 39. Kf4 Kg6 40. Be5 Rc4+ 41. Kg3 Rc6 42. Rd3 Bc4 43. Rd4 Bf7 44. Kf4 Rc4 45. Rxc4 Bxc4 46. g3 Be2 47. Ke3 Bc4 48. f4 Kf7 49. Kd4 Bf1 50. Bc7 b5 51. Ke5 Bd3 52. Kd6 a5 53. Bxa5 Kf6 54. Bb6 Kf7 55. Bd4 Bc4 56. Kc5 Bd3 57. Kb4 Be2 58. a4 bxa4 59. Kxa4 Ke6 60. Kb4 Kd5 61. b3 Ke4 62. Bf6 Kf3 63. Bg5 Kxg3 64. Kc5 Kf3 65. b4 Ke4 66. b5 Bf1 67. b6 Ba6 68. Kc6 Kd3 69. b7 Bxb7+ 70. Kxb7 Kxc3 71. Kc6 Kd4 72. Kd6 Ke4 73. Ke6 Kf3 74. Kxf5 Kg3 75. Kg6 Kg4 76. f5 Kg3 77. f6 Kg4 78. f7 Kg3 79. f8=Q Kg4 80. Qf4+ Kh3 81. Qf3+ Kh2 82. Bf4+ Kg1 83. Qg3+ Kh1 84. Qh2# 1-0

[Event "Titled Tuesday intern op 28th Dec"]
[Site "Chess.com INT"]
[Date "2021.12.28"]
[Round "1"]
[White "Punin, Andrii"]
[Black "Schrik, Rachid"]
[Result "1-0"]
[WhiteElo "2289"]
[BlackElo "2211"]
[PlyCount "79"]
[EventDate "2021.12.28"]
[EventType "swiss (blitz)"]
[EventRounds "11"]
[EventCountry "USA"]
[SourceTitle "CBM 206 Extra"]
[Source "ChessBase"]
[SourceDate "2022.03.31"]
[SourceVersion "1"]
[SourceVersionDate "2022.03.31"]
[SourceQuality "1"]

1. e4 c5 2. Be2 Nc6 3. f4 g6 4. Nf3 Bg7 5. c3 Nf6 6. d3 d5 7. e5 Nd7 8. d4 e6 9. Be3 b6 10. O-O h5 11. g3 Ne7 12. Bf2 Qc7 13. Na3 a6 14. b4 Nf5 15. Qd2 Bb7 16. Kg2 c4 17. Nc2 O-O-O 18. Ne3 Rdg8 19. Ng5 Nf8 20. Bf3 Nh7 21. Nxh7 Rxh7 22. h3 Bf8 23. a4 Be7 24. b5 a5 25. Rh1 Rhg7 26. g4 Nxe3+ 27. Qxe3 Kb8 28. Rag1 Bc8 29. gxh5 gxh5+ 30. Kh2 h4 31. Rxg7 Rxg7 32. Rg1 Rxg1 33. Kxg1 Qd8 34. Kf1 Qg8 35. f5 Bg5 36. Qe1 Qh7 37. Qb1 exf5 38. Bxd5 Qh5 39. Kg2 f4 40. Qe4 1-0

[Event "Titled Tuesday intern op 28th Dec"]
[Site "Chess.com INT"]
[Date "2021.12.28"]
[Round "1"]
[White "Ramirez, Vido Robert"]
[Black "Gabrielian, Artur"]
[Result "0-1"]
[WhiteElo "2104"]
[BlackElo "2464"]
[PlyCount "82"]
[EventDate "2021.12.28"]
[EventType "swiss (blitz)"]
[EventRounds "11"]
[EventCountry "USA"]
[SourceTitle "CBM 206 Extra"]
[Source "ChessBase"]
[SourceDate "2022.03.31"]
[SourceVersion "1"]
[SourceVersionDate "2022.03.31"]
[SourceQuality "1"]

1. Nf3 Nf6 2. g3 g6 3. Bg2 Bg7 4. O-O O-O 5. d3 d6 6. e4 c5 7. Re1 Nc6 8. c3 e5 9. a4 h6 10. Nbd2 Be6 11. Qc2 Rc8 12. h3 Qd7 13. Kh2 Rfe8 14. Nf1 c4 15. d4 exd4 16. Nxd4 Nxd4 17. cxd4 d5 18. e5 Bf5 19. Qe2 Nh7 20. Be3 Nf8 21. Qd2 Kh7 22. g4 Bd3 23. Ng3 Rb8 24. f4 b5 25. f5 gxf5 26. gxf5 bxa4 27. f6 Bh8 28. Bxh6 Ng6 29. Qg5 Rxb2 30. Qh5 Kg8 31. Rg1 c3 32. Rac1 Rc8 33. Kh1 a3 34. Be4 dxe4 35. Nf5 e3 36. Rxg6+ fxg6 37. Qxg6+ Bg7 38. Bxg7 Bxf5 39. Qh6 Bh7 40. Rg1 Qd5+ 41. Rg2 Qxg2# 0-1

[Event "Titled Tuesday intern op 28th Dec"]
[Site "Chess.com INT"]
[Date "2021.12.28"]
[Round "1"]
[White "Rudykh, Stepan"]
[Black "Tokman, Ariel"]
[Result "0-1"]
[WhiteElo "2218"]
[BlackElo "2314"]
[PlyCount "72"]
[EventDate "2021.12.28"]
[EventType "swiss (blitz)"]
[EventRounds "11"]
[EventCountry "USA"]
[SourceTitle "CBM 206 Extra"]
[Source "ChessBase"]
[SourceDate "2022.03.31"]
[SourceVersion "1"]
[SourceVersionDate "2022.03.31"]
[SourceQuality "1"]

1. e4 e5 2. Nf3 Nc6 3. Bb5 Nf6 4. O-O Nxe4 5. d4 Nd6 6. Bxc6 dxc6 7. dxe5 Nf5 8. Qxd8+ Kxd8 9. Nc3 Be7 10. h3 Nh4 11. Nxh4 Bxh4 12. Be3 Be6 13. Ne2 Be7 14. g4 h5 15. f3 hxg4 16. hxg4 Ke8 17. Kg2 Rd8 18. Rh1 Rg8 19. Nf4 Bc4 20. Rh7 b6 21. Rah1 a5 22. Rh8 Rxh8 23. Rxh8+ Kd7 24. Rh7 Rg8 25. Nh5 Bf8 26. Kg3 Bxa2 27. Bh6 Bb1 28. Bxg7 Bxg7 29. Rxg7 Rxg7 30. Nxg7 Bxc2 31. f4 b5 32. f5 b4 33. g5 a4 34. e6+ fxe6 35. f6 Bg6 36. Kg4 a3 0-1

[Event "Titled Tuesday intern op 28th Dec"]
[Site "Chess.com INT"]
[Date "2021.12.28"]
[Round "1"]
[White "Ruiz Aguilar, Pablo Alexander"]
[Black "Sargsyan, Anna M"]
[Result "1-0"]
[WhiteElo "2171"]
[BlackElo "2368"]
[PlyCount "97"]
[EventDate "2021.12.28"]
[EventType "swiss (blitz)"]
[EventRounds "11"]
[EventCountry "USA"]
[SourceTitle "CBM 206 Extra"]
[Source "ChessBase"]
[SourceDate "2022.03.31"]
[SourceVersion "1"]
[SourceVersionDate "2022.03.31"]
[SourceQuality "1"]

1. e4 c6 2. d4 d5 3. exd5 cxd5 4. c4 Nf6 5. Nc3 Nc6 6. Bg5 Be6 7. c5 Qa5 8. Bxf6 exf6 9. Bb5 Be7 10. Nge2 O-O 11. Bxc6 bxc6 12. O-O Rab8 13. Qd2 Rfe8 14. a3 Qc7 15. b4 Bf8 16. Rfe1 h6 17. Nf4 Bf5 18. h3 g6 19. b5 h5 20. bxc6 Bh6 21. Ncxd5 Qxc6 22. Ne7+ Rxe7 23. Rxe7 Kg7 24. Rxa7 Qe4 25. g3 h4 26. Re1 Qc6 27. Qa2 Rf8 28. Ne6+ Bxe6 29. Qxe6 Qf3 30. Qe2 Qc3 31. Rd1 hxg3 32. Rd3 gxf2+ 33. Kxf2 Qc1 34. Kg2 Rb8 35. Rd1 Qc3 36. Qd3 Rb2+ 37. Kh1 Qxd3 38. Rxd3 Rc2 39. d5 Rxc5 40. d6 Rc8 41. d7 Rd8 42. Rc7 Kf8 43. Rc8 Ke7 44. Rxd8 Kxd8 45. a4 Bf4 46. a5 Bb8 47. a6 Ba7 48. Kg2 f5 49. Kf3 1-0

[Event "Titled Tuesday intern op 28th Dec"]
[Site "Chess.com INT"]
[Date "2021.12.28"]
[Round "1"]
[White "Rytenko, Vsevolod"]
[Black "Grinev, Valeriy"]
[Result "0-1"]
[WhiteElo "2362"]
[BlackElo "2425"]
[PlyCount "72"]
[EventDate "2021.12.28"]
[EventType "swiss (blitz)"]
[EventRounds "11"]
[EventCountry "USA"]
[SourceTitle "CBM 206 Extra"]
[Source "ChessBase"]
[SourceDate "2022.03.31"]
[SourceVersion "1"]
[SourceVersionDate "2022.03.31"]
[SourceQuality "1"]

1. d4 Nf6 2. c4 e6 3. Nc3 d5 4. Nf3 c5 5. cxd5 cxd4 6. Nxd4 Nxd5 7. e4 Nxc3 8. bxc3 Bd7 9. Be3 Nc6 10. Be2 Be7 11. Rb1 b6 12. Bb5 Nxd4 13. Bxd7+ Qxd7 14. cxd4 O-O 15. O-O Rac8 16. Qe2 Rc3 17. Rfc1 Rfc8 18. Qb2 Ba3 19. Qxc3 Bxc1 20. Qd3 Bxe3 21. Qxe3 h6 22. g3 Qa4 23. Qd2 Rc2 24. Qf4 Qxd4 25. a3 g5 26. Qf3 Rc3 27. Qh5 Kg7 28. Re1 Rxa3 29. h3 Ra1 30. Rxa1 Qxa1+ 31. Kg2 Qe5 32. Qg4 f5 33. exf5 exf5 34. Qh5 a5 35. h4 g4 36. f3 Qe2+ 0-1

[Event "Titled Tuesday intern op 28th Dec"]
[Site "Chess.com INT"]
[Date "2021.12.28"]
[Round "1"]
[White "Sadykov, Ramil"]
[Black "Levkov, Daniel"]
[Result "1-0"]
[WhiteElo "2345"]
[BlackElo "1974"]
[PlyCount "145"]
[EventDate "2021.12.28"]
[EventType "swiss (blitz)"]
[EventRounds "11"]
[EventCountry "USA"]
[SourceTitle "CBM 206 Extra"]
[Source "ChessBase"]
[SourceDate "2022.03.31"]
[SourceVersion "1"]
[SourceVersionDate "2022.03.31"]
[SourceQuality "1"]

1. e4 c5 2. Nc3 e6 3. g3 d5 4. exd5 exd5 5. Bg2 Nf6 6. Nge2 d4 7. Ne4 Nxe4 8. Bxe4 Be7 9. O-O O-O 10. d3 Nc6 11. Nf4 Ne5 12. Bxh7+ Kxh7 13. Qh5+ Kg8 14. Qxe5 Bg4 15. Bd2 Bd6 16. Qd5 Re8 17. Rfe1 Bxf4 18. Qxd8 Raxd8 19. Bxf4 Bf3 20. h3 f6 21. g4 Kf7 22. Kh2 Rxe1 23. Rxe1 Re8 24. Rxe8 Kxe8 25. Bb8 Bd1 26. Bxa7 Bxc2 27. Bxc5 Bxd3 28. Bxd4 Ke7 29. Kg3 Ke6 30. Kf4 Kd5 31. Ke3 Bc4 32. b3 Bf1 33. h4 Bh3 34. f3 Bg2 35. Bc3 Bf1 36. Bb4 g6 37. Kf4 Bb5 38. Bc3 Ke6 39. a4 Bc6 40. h5 gxh5 41. gxh5 Kf7 42. Kg4 Bd7+ 43. Kh4 Bc6 44. Kg3 Bd7 45. a5 Bb5 46. Kf4 Bc6 47. Bd2 Kg7 48. Kg4 Bd7+ 49. Kg3 Bc6 50. h6+ Kg6 51. Kf2 Bb5 52. Bf4 Bc6 53. Ke3 Bd5 54. b4 Bc6 55. Ke2 Bb5+ 56. Kf2 Bc6 57. Bd2 Kh7 58. Kg3 Kg6 59. Kg4 Bd7+ 60. Kg3 Bc6 61. Be3 Bd7 62. Kf2 Bc6 63. Ke2 Bd5 64. Kd3 Bxf3 65. Kc4 f5 66. Kc5 Be4 67. Bf4 Kh7 68. b5 Kg6 69. Kb6 Bf3 70. Ka7 Be4 71. a6 bxa6 72. bxa6 Bd5 73. Kb8 1-0

[Event "Titled Tuesday intern op 28th Dec"]
[Site "Chess.com INT"]
[Date "2021.12.28"]
[Round "1"]
[White "Safarli, Eltaj"]
[Black "Jovic, Stanoje"]
[Result "0-1"]
[WhiteElo "2579"]
[BlackElo "2182"]
[PlyCount "104"]
[EventDate "2021.12.28"]
[EventType "swiss (blitz)"]
[EventRounds "11"]
[EventCountry "USA"]
[SourceTitle "CBM 206 Extra"]
[Source "ChessBase"]
[SourceDate "2022.03.31"]
[SourceVersion "1"]
[SourceVersionDate "2022.03.31"]
[SourceQuality "1"]

1. e4 c6 2. d4 d5 3. exd5 cxd5 4. c4 Nf6 5. Nc3 Nc6 6. Bg5 dxc4 7. d5 Ne5 8. Qd4 Nd3+ 9. Bxd3 cxd3 10. Nf3 g6 11. O-O-O Bg7 12. d6 Qxd6 13. Qxd6 exd6 14. Rhe1+ Be6 15. Rxd3 O-O 16. Rxd6 Rfc8 17. Kb1 b5 18. Bxf6 Bxf6 19. Nd4 b4 20. Ne4 Bxd4 21. Rxd4 Bf5 22. g4 Bxe4+ 23. Rexe4 a5 24. Rd7 Rd8 25. Rxd8+ Rxd8 26. Kc2 Rd5 27. h4 h5 28. g5 Kf8 29. Rf4 Re5 30. Kb3 Re2 31. a3 bxa3 32. Kxa3 Re5 33. Ka4 Rd5 34. b3 Rd3 35. f3 Ke7 36. Re4+ Kd7 37. Rf4 Ke7 38. Ka3 Ke6 39. Rf6+ Ke7 40. Ra6 Rd5 41. Ka4 Rd4+ 42. Kxa5 Rxh4 43. b4 Rh3 44. Rf6 Rg3 45. f4 h4 46. Rc6 h3 47. Rc8 Ke6 48. b5 Kf5 49. b6 Rb3 50. Rc5+ Kg4 51. Rc8 Kxf4 52. Rh8 Kxg5 0-1

[Event "Titled Tuesday intern op 28th Dec"]
[Site "Chess.com INT"]
[Date "2021.12.28"]
[Round "1"]
[White "Sanchez, Roberto Daniel"]
[Black "Gurevich, Dmitry"]
[Result "1/2-1/2"]
[WhiteElo "1970"]
[BlackElo "2358"]
[PlyCount "76"]
[EventDate "2021.12.28"]
[EventType "swiss (blitz)"]
[EventRounds "11"]
[EventCountry "USA"]
[SourceTitle "CBM 206 Extra"]
[Source "ChessBase"]
[SourceDate "2022.03.31"]
[SourceVersion "1"]
[SourceVersionDate "2022.03.31"]
[SourceQuality "1"]

1. e4 c5 2. Nf3 d6 3. d4 cxd4 4. Nxd4 Nf6 5. Nc3 Nc6 6. f3 Nxd4 7. Qxd4 g6 8. Be3 Bg7 9. O-O-O O-O 10. Qd2 Be6 11. h4 h5 12. Bh6 Rc8 13. g4 Qa5 14. Bxg7 Kxg7 15. g5 Nd7 16. Qd4+ Qe5 17. Qxe5+ Nxe5 18. Be2 Bc4 19. Rhf1 Bxe2 20. Nxe2 Rc5 21. c3 b5 22. Kb1 a5 23. Rd4 Rb8 24. Nf4 b4 25. cxb4 axb4 26. Nd5 b3 27. axb3 Rxb3 28. Nxe7 Nd3 29. Ra4 Nxb2 30. Ka2 Rb7 31. Ra8 Rc2 32. Nd5 Nd3+ 33. Ka1 Nc1 34. Nf6 Nb3+ 35. Kb1 Nd4+ 36. Ka1 Nb3+ 37. Kb1 Nd4+ 38. Ka1 Nb3+ 1/2-1/2

[Event "Titled Tuesday intern op 28th Dec"]
[Site "Chess.com INT"]
[Date "2021.12.28"]
[Round "1"]
[White "Santos Flores, Alberto Javier"]
[Black "Seo, Jung Min"]
[Result "0-1"]
[WhiteElo "2182"]
[BlackElo "2459"]
[PlyCount "148"]
[EventDate "2021.12.28"]
[EventType "swiss (blitz)"]
[EventRounds "11"]
[EventCountry "USA"]
[SourceTitle "CBM 206 Extra"]
[Source "ChessBase"]
[SourceDate "2022.03.31"]
[SourceVersion "1"]
[SourceVersionDate "2022.03.31"]
[SourceQuality "1"]

1. e4 e6 2. d4 d5 3. Nc3 Bb4 4. e5 c5 5. a3 Bxc3+ 6. bxc3 Ne7 7. Nf3 Qc7 8. a4 b6 9. a5 Ba6 10. axb6 axb6 11. Bd3 Qb7 12. Bxa6 Rxa6 13. Rxa6 Qxa6 14. Qe2 Qxe2+ 15. Kxe2 Kd7 16. Bg5 Nec6 17. Ra1 Kc7 18. Be3 cxd4 19. cxd4 h6 20. c3 Rc8 21. Kd3 Kb7 22. Nd2 Na5 23. g4 Nd7 24. h4 Nc4 25. Nxc4 dxc4+ 26. Ke4 b5 27. h5 Nb6 28. Bd2 Nd5 29. f4 b4 30. cxb4 c3 31. Be1 Rc4 32. Rc1 Kb6 33. Kd3 Kb5 34. Bxc3 Nxf4+ 35. Ke4 Nd5 36. Bd2 Rxc1 37. Bxc1 Kxb4 38. g5 hxg5 39. Bxg5 Kc4 40. Bd2 Ne7 41. h6 gxh6 42. Bxh6 Nf5 43. Be3 Ng3+ 44. Kf3 Kd3 45. Bf2 Nf5 46. Kf4 Nxd4 47. Kg5 Ke4 48. Kf6 Nc6 49. Bg3 Kf3 50. Bh2 Ke4 51. Kxf7 Kf5 52. Ke8 Nxe5 53. Ke7 Ng4 54. Bg3 Nf6 55. Bb8 Nd5+ 56. Kd6 Nf4 57. Kc5 Ke4 58. Kc4 Nd5 59. Kb3 Kd3 60. Kb2 Nb6 61. Kc1 Nd7 62. Bd6 Kd4 63. Kd2 Kd5 64. Bc7 Nc5 65. Ke3 Na6 66. Bg3 Nb4 67. Bh2 Nc2+ 68. Kd3 Nd4 69. Ke3 Nf5+ 70. Kd3 Nh4 71. Bg3 Ng6 72. Ke3 Ne5 73. Bh2 Ng4+ 74. Kf4 Nxh2 0-1

[Event "Titled Tuesday intern op 28th Dec"]
[Site "Chess.com INT"]
[Date "2021.12.28"]
[Round "1"]
[White "Sethuraman, Sandeep"]
[Black "Khripachenko, Alexander"]
[Result "0-1"]
[WhiteElo "2613"]
[BlackElo "2288"]
[PlyCount "84"]
[EventDate "2021.12.28"]
[EventType "swiss (blitz)"]
[EventRounds "11"]
[EventCountry "USA"]
[SourceTitle "CBM 206 Extra"]
[Source "ChessBase"]
[SourceDate "2022.03.31"]
[SourceVersion "1"]
[SourceVersionDate "2022.03.31"]
[SourceQuality "1"]

1. d4 Nf6 2. c4 e6 3. Nf3 d5 4. Nc3 c6 5. e3 Nbd7 6. Be2 Bd6 7. O-O O-O 8. b3 Qe7 9. Qc2 dxc4 10. bxc4 e5 11. Bb2 Re8 12. a4 e4 13. Nd2 Nf8 14. Qb3 Ng6 15. Ba3 h5 16. g3 h4 17. Rfe1 Bf5 18. Bxd6 Qxd6 19. Qxb7 Reb8 20. Qa6 Qb4 21. Rec1 Rb6 22. Rab1 Qxc3 23. Rxc3 Rxa6 24. c5 Rxa4 25. Rcb3 h3 26. Nc4 Nd5 27. Bf1 Be6 28. Nd6 Nf6 29. Rb7 a5 30. Rc7 Ra2 31. Rxc6 a4 32. Rcb6 a3 33. c6 Nd5 34. Rb7 Rc2 35. Bc4 Nc3 36. Bxe6 Nxb1 37. Bxf7+ Kh7 38. Kf1 Nc3 39. Ke1 a2 40. Bxa2 Raxa2 41. Rxg7+ Kxg7 42. Nf5+ Kf6 0-1

[Event "Titled Tuesday intern op 28th Dec"]
[Site "Chess.com INT"]
[Date "2021.12.28"]
[Round "1"]
[White "Shubenkova, Veronika"]
[Black "Kamsky, Gata"]
[Result "1/2-1/2"]
[WhiteElo "1762"]
[BlackElo "2657"]
[PlyCount "70"]
[EventDate "2021.12.28"]
[EventType "swiss (blitz)"]
[EventRounds "11"]
[EventCountry "USA"]
[SourceTitle "CBM 206 Extra"]
[Source "ChessBase"]
[SourceDate "2022.03.31"]
[SourceVersion "1"]
[SourceVersionDate "2022.03.31"]
[SourceQuality "1"]

1. e4 c5 2. Nf3 e6 3. c3 d5 4. exd5 exd5 5. d4 c4 6. Be2 Bd6 7. O-O Ne7 8. Bg5 f6 9. Bh4 O-O 10. Nbd2 Nbc6 11. b3 cxb3 12. axb3 Be6 13. Bg3 Bxg3 14. hxg3 a5 15. Bb5 Qd6 16. Re1 Kh8 17. Qe2 Bf7 18. g4 h6 19. g3 b6 20. Nf1 Bg6 21. Ne3 Na7 22. Bd3 Bxd3 23. Qxd3 Qd7 24. Kg2 Kg8 25. Re2 Rae8 26. c4 Nac6 27. Rd1 Nb4 28. Qb1 Qb7 29. c5 Nec6 30. cxb6 Qxb6 31. Qg6 Qb7 32. Rde1 Qf7 33. Qf5 g6 34. Qb1 Kg7 35. Qd1 Re4 1/2-1/2

[Event "Titled Tuesday intern op 28th Dec"]
[Site "Chess.com INT"]
[Date "2021.12.28"]
[Round "1"]
[White "Shvedova, Alexandra"]
[Black "Tanenbaum, Zachary Chen"]
[Result "1/2-1/2"]
[WhiteElo "2065"]
[BlackElo "2146"]
[PlyCount "117"]
[EventDate "2021.12.28"]
[EventType "swiss (blitz)"]
[EventRounds "11"]
[EventCountry "USA"]
[SourceTitle "CBM 206 Extra"]
[Source "ChessBase"]
[SourceDate "2022.03.31"]
[SourceVersion "1"]
[SourceVersionDate "2022.03.31"]
[SourceQuality "1"]

1. e4 e5 2. Nf3 Nc6 3. Bc4 Nf6 4. d3 Be7 5. O-O O-O 6. Re1 d6 7. a4 Be6 8. Nbd2 h6 9. a5 a6 10. c3 Qd7 11. h3 Rae8 12. Bxe6 fxe6 13. d4 exd4 14. cxd4 Nh7 15. Qb3 Ng5 16. Qxb7 Nxf3+ 17. Nxf3 Rxf3 18. gxf3 Nxd4 19. Kg2 e5 20. Be3 Ne6 21. Rac1 Bg5 22. Bxg5 hxg5 23. Rh1 Rf8 24. Rc3 Nf4+ 25. Kf1 Kh7 26. Rxc7 Rc8 27. Qxc8 Qb5+ 28. Rc4 Qxb2 29. Rc1 Qe2+ 30. Kg1 Qxf3 31. Rh2 Ne2+ 32. Kf1 Ng3+ 33. Kg1 Ne2+ 34. Kf1 Nf4 35. Qg4 Qd3+ 36. Kg1 Ne2+ 37. Kh1 Nxc1 38. h4 Qf1+ 39. Qg1 Qxg1+ 40. Kxg1 Kg6 41. hxg5 Kxg5 42. Rg2+ Kf4 43. Rxg7 Nb3 44. Ra7 Nxa5 45. Rxa6 Nc4 46. Rc6 Nd2 47. Rxd6 Nxe4 48. Ra6 Ng5 49. Ra4+ e4 50. Kf1 Nf3 51. Ke2 Ng5 52. Rb4 Nf3 53. Kf1 Nd2+ 54. Ke1 Nf3+ 55. Ke2 Ng1+ 56. Kf1 Nf3 57. Ke2 Ng1+ 58. Kf1 Nf3 59. Ke2 1/2-1/2

[Event "Titled Tuesday intern op 28th Dec"]
[Site "Chess.com INT"]
[Date "2021.12.28"]
[Round "1"]
[White "Silva, Miguel Antonio Neto"]
[Black "Djordjevic, Vuk D"]
[Result "1/2-1/2"]
[WhiteElo "2233"]
[BlackElo "2382"]
[PlyCount "137"]
[EventDate "2021.12.28"]
[EventType "swiss (blitz)"]
[EventRounds "11"]
[EventCountry "USA"]
[SourceTitle "CBM 206 Extra"]
[Source "ChessBase"]
[SourceDate "2022.03.31"]
[SourceVersion "1"]
[SourceVersionDate "2022.03.31"]
[SourceQuality "1"]

1. d4 e6 2. c4 Nf6 3. Nf3 b6 4. g3 Ba6 5. Qc2 d5 6. Nbd2 Bd6 7. Bg2 O-O 8. O-O Nbd7 9. b3 Rc8 10. e4 dxe4 11. Nxe4 Nxe4 12. Qxe4 c5 13. Bb2 cxd4 14. Nxd4 Qg5 15. Rad1 Nc5 16. Qe2 Bb7 17. h4 Qe7 18. Nb5 Bxg2 19. Kxg2 Bb8 20. Qg4 f5 21. Qg5 Qb7+ 22. f3 h6 23. Qg6 Qf7 24. Qxf7+ Kxf7 25. Nd6+ Bxd6 26. Rxd6 Rfd8 27. Rfd1 Rxd6 28. Rxd6 Rc7 29. Kf2 g5 30. hxg5 hxg5 31. Ke3 Rd7 32. Rxd7+ Nxd7 33. b4 e5 34. g4 Ke6 35. Bc3 f4+ 36. Kd3 Nf6 37. Ke2 e4 38. Bxf6 exf3+ 39. Kxf3 Kxf6 40. Ke4 Ke6 41. a3 Kd6 42. Kd4 Kc6 43. Ke4 Kd7 44. Kd4 Kd6 45. Ke4 Ke6 46. Kd4 Kd6 47. Ke4 a5 48. Kd4 a4 49. Ke4 Ke6 50. Kd4 Kf6 51. Ke4 Kf7 52. Kd4 Ke7 53. Ke4 Ke6 54. Kd4 f3 55. Ke3 Ke5 56. Kxf3 Kd4 57. c5 bxc5 58. bxc5 Kxc5 59. Ke4 Kc4 60. Kf5 Kb3 61. Kxg5 Kxa3 62. Kh6 Kb4 63. g5 a3 64. g6 a2 65. g7 a1=Q 66. g8=Q Qh1+ 67. Kg7 Qg2+ 68. Kf8 Qxg8+ 69. Kxg8 1/2-1/2

[Event "Titled Tuesday intern op 28th Dec"]
[Site "Chess.com INT"]
[Date "2021.12.28"]
[Round "1"]
[White "Sviridova, Vlada"]
[Black "Atabayev, Saparmyrat"]
[Result "1/2-1/2"]
[WhiteElo "2144"]
[BlackElo "2425"]
[PlyCount "143"]
[EventDate "2021.12.28"]
[EventType "swiss (blitz)"]
[EventRounds "11"]
[EventCountry "USA"]
[SourceTitle "CBM 206 Extra"]
[Source "ChessBase"]
[SourceDate "2022.03.31"]
[SourceVersion "1"]
[SourceVersionDate "2022.03.31"]
[SourceQuality "1"]

1. d4 Nf6 2. c4 e6 3. Nf3 d5 4. Nc3 c5 5. cxd5 exd5 6. g3 Nc6 7. Bg2 Bg4 8. dxc5 Bxc5 9. O-O O-O 10. Bg5 Be7 11. Bxf6 Bxf6 12. Nxd5 Bxb2 13. Rb1 Ba3 14. Rxb7 Qd6 15. Ne3 Bc8 16. Rb3 Ba6 17. Qxd6 Bxd6 18. Nf5 Rad8 19. Nxd6 Rxd6 20. Re1 g6 21. h4 Bc4 22. Ra3 Rfd8 23. e3 a5 24. Rc1 Rd1+ 25. Rxd1 Rxd1+ 26. Kh2 Bd5 27. Ng5 Bxg2 28. Kxg2 Rd2 29. Ne4 Rb2 30. g4 h6 31. g5 hxg5 32. hxg5 Kf8 33. Nf6 Ke7 34. Rc3 Kd6 35. a3 Ne5 36. Ne4+ Kd5 37. Nf6+ Ke6 38. Kg3 a4 39. f4 Rb3 40. Rc5 Rxe3+ 41. Kf2 Rf3+ 42. Ke2 Rxf4 43. Ra5 Rc4 44. Ra6+ Kf5 45. Ra5 Kf4 46. Nd5+ Ke4 47. Nb6 Rc2+ 48. Kd1 Ra2 49. Rxa4+ Kd3 50. Kc1 Nf3 51. Nd5 Rg2 52. Rf4 Nd4 53. a4 Ne2+ 54. Kb1 Rg1+ 55. Ka2 Nxf4 56. Nxf4+ Kc3 57. a5 Rf1 58. Nd5+ Kc4 59. Ne3+ Kc5 60. Nxf1 Kb5 61. Ng3 Kxa5 62. Kb3 Kb5 63. Kc3 Kc5 64. Ne4+ Kd5 65. Kd3 Ke5 66. Ke3 Kf5 67. Kf3 Ke5 68. Ng3 f6 69. gxf6 Kxf6 70. Kg4 g5 71. Ne4+ Kg6 72. Nxg5 1/2-1/2

[Event "Titled Tuesday intern op 28th Dec"]
[Site "Chess.com INT"]
[Date "2021.12.28"]
[Round "1"]
[White "Terry, Renato"]
[Black "Dauner, Benedikt"]
[Result "1-0"]
[WhiteElo "2504"]
[BlackElo "2331"]
[PlyCount "117"]
[EventDate "2021.12.28"]
[EventType "swiss (blitz)"]
[EventRounds "11"]
[EventCountry "USA"]
[SourceTitle "CBM 206 Extra"]
[Source "ChessBase"]
[SourceDate "2022.03.31"]
[SourceVersion "1"]
[SourceVersionDate "2022.03.31"]
[SourceQuality "1"]

1. e4 c6 2. Nf3 d5 3. exd5 cxd5 4. Ne5 Nd7 5. d4 Nxe5 6. dxe5 e6 7. Bd3 Ne7 8. O-O Nc6 9. Re1 Be7 10. Qg4 g6 11. Bh6 Qb6 12. Nc3 Bd7 13. Qf4 Qd4 14. Nb5 Qxf4 15. Bxf4 Rc8 16. a3 O-O 17. Nc3 Na5 18. Ne2 a6 19. Nd4 Nc6 20. Nf3 Na5 21. c3 Nc4 22. Re2 a5 23. h4 a4 24. h5 Na5 25. g3 Nb3 26. Rd1 Nc5 27. Bc2 Bb5 28. Ree1 Rfd8 29. Nd4 Be8 30. hxg6 hxg6 31. Kg2 g5 32. Be3 Ne4 33. Rh1 Nxc3 34. bxc3 Rxc3 35. Rh2 Rxe3 36. fxe3 Bf8 37. Bh7+ Kg7 38. Rdh1 Rc8 39. Bb1 f5 40. Nxe6+ Kf7 41. Bxf5 Rc2+ 42. Bxc2 Kxe6 43. Rh8 Kxe5 44. Rxf8 Bc6 45. Kf2 Kd6 46. Rh6+ Kc5 47. Rxc6+ bxc6 48. Bxa4 Kc4 49. Bxc6 g4 50. Bd7 d4 51. Bxg4 d3 52. Rc8+ Kb3 53. Be6+ Kb2 54. Rd8 d2 55. a4 Kc1 56. Rxd2 Kb1 57. a5 Kc1 58. Ke2 Kb1 59. a6 1-0